| 000 | 00813cam a22002653a 4500 | ||
|---|---|---|---|
| 001 | 20957 | ||
| 003 | PGUSA | ||
| 005 | 20140828083439.0 | ||
| 008 | 070401s2007||||xxu|||||s|||||000 | eng d | ||
| 040 |
_aPGUSA _beng |
||
| 042 | _adc | ||
| 050 | 4 | _aQL | |
| 100 | 1 |
_aLong, William J. _q(William Joseph), _d1867-1952 |
|
| 245 | 1 | 0 |
_aEen Broertje van den Beer _h[electronic resource] / _cWilliam J. Long |
| 260 |
_bProject Gutenberg, _c2007 |
||
| 500 | _aTranslation of: A little brother to the bear, and other animal studies. | ||
| 506 | _aPublic domain in the USA. | ||
| 516 | _aElectronic text | ||
| 653 | _aAnimal behavior | ||
| 700 | 1 | _aStoffel, Cilia | |
| 700 | 1 |
_aCopeland, Charles, _d1858-1929 |
|
| 830 | 0 |
_aProject Gutenberg _v20957 |
|
| 856 | 4 | 0 | _uhttp://www.gutenberg.org/ebooks/20957 |
| 942 | _cEB | ||
| 999 |
_c250212 _d250212 |
||